[Event "SVK-chT2B 1213"]
[Site "Slovakia"]
[Date "2013.02.16"]
[Round "8.4"]
[White "Novotny, Michal1111"]
[Black "Kral, Klaudia"]
[Result "1-0"]
[WhiteElo "1985"]
[BlackElo "1871"]
[PlyCount "109"]
[EventDate "2012.10.13"]
[EventType "team-tourn"]
[EventRounds "11"]
[EventCountry "SVK"]
[SourceTitle "EXT 2015"]
[Source "ChessBase"]
[SourceDate "2014.11.20"]
[SourceVersion "1"]
[SourceVersionDate "2014.11.20"]
[SourceQuality "1"]
[WhiteTeam "Tlmace"]
[BlackTeam "Komarno II"]
[WhiteTeamCountry "SVK"]
[BlackTeamCountry "SVK"]

1. e4 c5 2. Nf3 e6 3. d4 cxd4 4. Nxd4 Nc6 5. Nc3 Qc7 6. Be3 a6 7. Bd3 Nf6 8. 0-0 b5 9. a3 Bb7 10. f4 Nxd4 11. Bxd4 Bc5 12. Bxc5 Qxc5+ 13. Kh1 d6 14. Qe2 0-0 15. e5 dxe5 16. fxe5 Nd7 17. Rae1 Rae8 18. Bxh7+ Kxh7 19. Qd3+ Kg8 20. Qxd7 Bc6 21. Qd3 Rd8 22. Qe2 Rd7 23. Qf2 Qxf2 24. Rxf2 Rfd8 25. Kg1 a5 26. g3 Rd4 27. Rfe2 Kf8 28. Ne4 Bxe4 29. Rxe4 Rd2 30. R4e2 Ke7 31. Kf2 R2d4 32. Re3 Rh8 33. h4 Rc4 34. R1e2 g5 35. hxg5 Rg4 36. Rb3 Rh2+ 37. Kf3 Rxe2 38. Kxe2 Re4+ 39. Re3 Rg4 40. Kf3 Rxg5 41. Kf4 Rg8 42. Rb3 Rb8 43. c4 b4 44. Ke4 Kd7 45. axb4 axb4 46. Rf3 Ke7 47. Kd4 Rb7 48. Rb3 f6 49. exf6+ Kxf6 50. Kc5 Ke5 51. Re3+ Kf5 52. Kd6 Rg7 53. Re5+ Kg4 54. Kxe6 Kxg3 55. c5 1-0

[Event "SVK-chT1W 1213"]
[Site "Slovakia"]
[Date "2012.10.21"]
[Round "2.6"]
[White "Diviak, Rastislav"]
[Black "Kral, Klaudia"]
[Result "1/2-1/2"]
[WhiteElo "2017"]
[BlackElo "1871"]
[PlyCount "39"]
[EventDate "2012.10.20"]
[EventType "team-tourn"]
[EventRounds "11"]
[EventCountry "SVK"]
[SourceTitle "EXT 2014"]
[Source "ChessBase"]
[SourceDate "2013.11.20"]
[SourceVersion "1"]
[SourceVersionDate "2013.11.20"]
[SourceQuality "1"]
[WhiteTeam "Osuske"]
[BlackTeam "Batorove Kosihy"]
[WhiteTeamCountry "SVK"]
[BlackTeamCountry "SVK"]

1. e4 c5 2. Nf3 e6 3. d4 cxd4 4. Nxd4 Nc6 5. Nb5 d6 6. c4 Nf6 7. N1c3 a6 8. Na3 b6 9. Be2 Bb7 10. 0-0 Qc7 11. Be3 Be7 12. Qd2 0-0 13. f3 Ne5 14. Rac1 Rac8 15. Nab1 Qb8 16. b3 Bc6 17. a4 Rfd8 18. Rfd1 Qb7 19. Qb2 Ng6 20. Rd2 1/2-1/2

[Event "SVK-chT2B 1213"]
[Site "Slovakia"]
[Date "2012.10.13"]
[Round "1.4"]
[White "Kral, Klaudia"]
[Black "Hirmajer, Jan"]
[Result "1-0"]
[WhiteElo "1871"]
[BlackElo "1990"]
[PlyCount "44"]
[EventDate "2012.10.13"]
[EventType "team-tourn"]
[EventRounds "11"]
[EventCountry "SVK"]
[SourceTitle "EXT 2015"]
[Source "ChessBase"]
[SourceDate "2014.11.20"]
[SourceVersion "1"]
[SourceVersionDate "2014.11.20"]
[SourceQuality "1"]
[WhiteTeam "Komarno II"]
[BlackTeam "Myjava Spartak"]
[WhiteTeamCountry "SVK"]
[BlackTeamCountry "SVK"]

1. e4 d6 2. d4 g6 3. Nc3 Bg7 4. Be3 Nf6 5. f3 0-0 6. Qd2 Nc6 7. 0-0-0 e5 8. Nge2 exd4 9. Nxd4 Nxd4 10. Bxd4 a6 11. Qf2 Be6 12. Be2 Qc8 13. h3 b5 14. Nd5 Bxd5 15. exd5 Qb7 16. f4 Ne4 17. Qf3 Nf6 18. g4 Rac8 19. Rhe1 c5 20. dxc6 Rxc6 21. Bxf6 Bxf6 22. Rxd6 Rc7 1-0

[Event "Liptovsky Mikulas CupT U20"]
[Site "Liptovsky Mikulas"]
[Date "2012.06.24"]
[Round "5.4"]
[White "Puskar, David"]
[Black "Kral, Klaudia"]
[Result "1/2-1/2"]
[WhiteElo "1536"]
[BlackElo "1909"]
[PlyCount "75"]
[EventDate "2012.06.22"]
[EventType "team-swiss"]
[EventRounds "9"]
[EventCountry "SVK"]
[SourceTitle "CBM 149 Extra"]
[Source "ChessBase"]
[SourceDate "2012.08.24"]
[SourceVersion "1"]
[SourceVersionDate "2012.08.24"]
[SourceQuality "1"]
[WhiteTeam "Sachove nadeje"]
[BlackTeam "Osuske"]
[WhiteTeamCountry "SVK"]
[BlackTeamCountry "SVK"]

1. c4 Nf6 2. Nc3 g6 3. g3 d5 4. cxd5 Nxd5 5. Bg2 Nb6 6. b3 Bg7 7. Bb2 Nc6 8. Nf3 e5 9. d3 0-0 10. 0-0 Be6 11. Qc2 Nd4 12. Nxd4 exd4 13. Ne4 Bd5 14. f3 Re8 15. Qc5 f5 16. Nf2 Rxe2 17. Bxd4 Bxd4 18. Qxd4 Bc6 19. Qxd8+ Rxd8 20. Rfe1 Rxe1+ 21. Rxe1 Nd5 22. Rd1 Ne3 23. Rd2 Kg7 24. f4 Kf7 25. Bh1 Nd5 26. Nd1 Bb5 27. Bxd5+ Rxd5 28. Nb2 Ke6 29. Kf2 Kd6 30. Ke3 Bd7 31. d4 Bb5 32. Rc2 c5 33. Nc4+ Bxc4 34. Rxc4 b5 35. dxc5+ Rxc5 36. Rxc5 Kxc5 37. a3 a5 38. Kd3 1/2-1/2

[Event "SVK-ch U18 Girls"]
[Site "Lubovnianske Kupele"]
[Date "2012.03.17"]
[Round "1"]
[White "Gregusova, Katarina"]
[Black "Kral, Klaudia"]
[Result "0-1"]
[WhiteElo "1382"]
[BlackElo "1944"]
[PlyCount "72"]
[EventDate "2012.03.17"]
[EventType "tourn"]
[EventRounds "10"]
[EventCountry "SVK"]
[SourceTitle "CBM 147 Extra"]
[Source "ChessBase"]
[SourceDate "2012.04.24"]
[SourceVersion "1"]
[SourceVersionDate "2012.04.24"]
[SourceQuality "1"]

1. e4 c5 2. Nf3 e6 3. d4 cxd4 4. Nxd4 Nf6 5. Nc3 d6 6. Bb5+ Bd7 7. Bxd7+ Nbxd7 8. 0-0 a6 9. Re1 Be7 10. Bd2 0-0 11. Qf3 Ne5 12. Qg3 Kh8 13. f4 Nc4 14. Bc1 Qb6 15. Qf2 Ng4 16. Qe2 Qxd4+ 17. Kh1 Nf2+ 18. Kg1 Nxe4+ 19. Kf1 Nxc3 20. bxc3 Qxc3 21. Rb1 b5 22. Rb3 Qf6 23. Kg1 d5 24. Rf1 Bc5+ 25. Kh1 Qe7 26. Bd2 Nxd2 27. Qxd2 f6 28. Rbf3 Rad8 29. Qd3 e5 30. Rh3 e4 31. Qe2 g6 32. c3 f5 33. Ra1 d4 34. cxd4 Rxd4 35. Qb2 Rfd8 36. a4 Qg7 0-1

[Event "SVK-chT2B 1112"]
[Site "Slovakia"]
[Date "2012.02.26"]
[Round "11.2"]
[White "Chlpik, Martin"]
[Black "Kral, Klaudia"]
[Result "1/2-1/2"]
[WhiteElo "1963"]
[BlackElo "1914"]
[PlyCount "92"]
[EventDate "2011.10.08"]
[EventType "team-tourn"]
[EventRounds "11"]
[EventCountry "SVK"]
[SourceTitle "EXT 2013"]
[Source "ChessBase"]
[SourceDate "2012.11.22"]
[SourceVersion "1"]
[SourceVersionDate "2012.11.22"]
[SourceQuality "1"]
[WhiteTeam "Levice"]
[BlackTeam "Batorove Kosihy"]
[WhiteTeamCountry "SVK"]
[BlackTeamCountry "SVK"]

1. e4 c5 2. d4 cxd4 3. Nf3 a6 4. c3 dxc3 5. Nxc3 e6 6. Bc4 Nc6 7. 0-0 d6 8. Qe2 Be7 9. Rd1 Qc7 10. Bf4 Ne5 11. Bb3 Nf6 12. Rac1 Qb8 13. Be3 b5 14. Nd4 Bd7 15. h3 0-0 16. f4 Nc4 17. Bxc4 bxc4 18. Bf2 Rc8 19. e5 dxe5 20. fxe5 Nd5 21. Nxd5 exd5 22. e6 fxe6 23. Nxe6 Qd6 24. Nf4 Qxf4 25. Qxe7 Bc6 26. Bd4 Qf7 27. Qg5 Qg6 28. Qxg6 hxg6 29. Kf2 Rf8+ 30. Kg3 Rae8 31. Re1 Bd7 32. Bc5 Rf5 33. Rxe8+ Bxe8 34. Re1 Bc6 35. Re6 Rf6 36. Re7 Rf7 37. Rxf7 Kxf7 38. Kf4 d4 39. Bxd4 Bxg2 40. h4 Bf1 41. Ke4 Bd3+ 42. Kd5 a5 43. a4 Bc2 44. Kxc4 Bxa4 45. Bb6 g5 46. hxg5 Kg6 1/2-1/2

[Event "SVK-chT2B 1112"]
[Site "Slovakia"]
[Date "2012.01.28"]
[Round "8.4"]
[White "Kral, Klaudia"]
[Black "Kuric, Michal"]
[Result "1-0"]
[WhiteElo "1914"]
[BlackElo "1821"]
[PlyCount "71"]
[EventDate "2011.10.08"]
[EventType "team-tourn"]
[EventRounds "11"]
[EventCountry "SVK"]
[SourceTitle "EXT 2013"]
[Source "ChessBase"]
[SourceDate "2012.11.22"]
[SourceVersion "1"]
[SourceVersionDate "2012.11.22"]
[SourceQuality "1"]
[WhiteTeam "Batorove Kosihy"]
[BlackTeam "Trencin SK II"]
[WhiteTeamCountry "SVK"]
[BlackTeamCountry "SVK"]

1. e4 e6 2. d4 d5 3. e5 c5 4. c3 cxd4 5. cxd4 Nc6 6. Nf3 Qb6 7. Nc3 Bd7 8. Bd3 Nxd4 9. Nxd4 Qxd4 10. 0-0 Qxe5 11. Re1 Qb8 12. Nxd5 Bd6 13. Qg4 Bxh2+ 14. Kh1 Be5 15. f4 exd5 16. Qxg7 Ne7 17. Rxe5 Rf8 18. Qf6 Be6 19. Bb5+ Nc6 20. f5 Qd8 21. Bxc6+ bxc6 22. Qxd8+ Kxd8 23. fxe6 fxe6 24. Bh6 Re8 25. Rae1 Kd7 26. Kg1 Rab8 27. b3 Rb7 28. Be3 Kd6 29. Bf4 Kd7 30. Rh5 Kc8 31. Rh6 Rf7 32. Bd6 Kd7 33. Bc5 a6 34. Rf1 Rg7 35. Bf8 Rg4 36. Rxh7+ 1-0

[Event "HUN-chT U18"]
[Site "Miskolc"]
[Date "2011.11.05"]
[Round "6.4"]
[White "Huszar, Georgina"]
[Black "Kral, Klaudia"]
[Result "0-1"]
[WhiteElo "1705"]
[BlackElo "1928"]
[PlyCount "72"]
[EventDate "2011.11.02"]
[EventType "team-swiss"]
[EventRounds "8"]
[EventCountry "HUN"]
[SourceTitle "EXT 2012"]
[Source "ChessBase"]
[SourceDate "2011.11.24"]
[SourceVersion "1"]
[SourceVersionDate "2011.11.24"]
[SourceQuality "1"]
[WhiteTeam "Kisber Aszar"]
[BlackTeam "Csuti"]
[WhiteTeamCountry "HUN"]
[BlackTeamCountry "HUN"]

1. d4 Nf6 2. Nc3 d5 3. Bg5 c5 4. e3 Nc6 5. Bxf6 gxf6 6. g3 Bf5 7. a3 cxd4 8. exd4 e6 9. h4 Qb6 10. Bb5 h5 11. Nge2 Bh6 12. Nf4 Bxf4 13. gxf4 a6 14. Bxc6+ Qxc6 15. Rg1 0-0-0 16. Qe2 Qd6 17. Qd2 Bg4 18. Rg3 Rhg8 19. f3 Bf5 20. Rxg8 Rxg8 21. 0-0-0 Rg3 22. Rf1 Rh3 23. Ne2 Rxh4 24. Qe1 Qc6 25. Nc3 Rxf4 26. Qg3 Rxd4 27. Qg8+ Kc7 28. Qxf7+ Kb6 29. Qxh5 Qc4 30. Re1 Rh4 31. Qe8 Qf4+ 32. Kb1 Qd2 33. Na4+ Rxa4 34. Rxe6+ Bxe6 35. Qxa4 Qd1+ 36. Ka2 d4+ 0-1